书目信息 |
| 题名: |
犹豫模糊信息集结方法及其应用研究
|
|
| 作者: | 刘小弟 著 | |
| 分册: | ||
| 出版信息: | 北京 经济科学出版社 2019 |
|
| 页数: | 158页 | |
| 开本: | 24cm | |
| 丛书名: | ||
| 单 册: | ||
| 中图分类: | O159 | |
| 科图分类: | ||
| 主题词: | 模糊集--mo hu ji--研究 | |
| 电子资源: | ||
| ISBN: | 978-7-5218-0758-5 | |
| 000 | 01243nam0 2200265 450 | |
| 001 | 012001003658 | |
| 005 | 20131105094928.0 | |
| 010 | @a978-7-5218-0758-5@dCNY52.00 | |
| 099 | @aCAL 012019116440 | |
| 100 | @a20190920d2019 em y0chiy50 ea | |
| 101 | 0 | @achi |
| 102 | @aCN@b110000 | |
| 105 | @aak a 000yy | |
| 106 | @ar | |
| 200 | 1 | @a犹豫模糊信息集结方法及其应用研究@Ayou yu mo hu xin xi ji jie fang fa ji qi ying yong yan jiu@f刘小弟著 |
| 210 | @a北京@c经济科学出版社@d2019 | |
| 215 | @a158页@c图@d24cm | |
| 300 | @a国家自然科学基金(71601002) 教育部人文社科基金(16YJC6360077) 安徽省高校优秀青年人才支持计划重点项目(gxyqZD2018033) | |
| 320 | @a有书目 (第148-152页) | |
| 330 | @a本书内容简介:作为模糊集的一种拓展形式,犹豫模糊集允许一个元素属于一个集合的隶属度可以是[0,1]中几个不同的值。当决策者对元素的隶属度感到不确定,决策小组成员不能说服彼此,或者需要反映决策群体的多种决策信息时,犹豫模糊集是处理此类问题的一种非常有用的工具。目前,犹豫模糊集已经被广泛应用于决策、医疗诊断、聚类分析等领域。本文针对犹豫模糊环境下的信息建模、决策及应用进行研究。 | |
| 606 | 0 | @a模糊集@Amo hu ji@x研究 |
| 690 | @aO159@v5 | |
| 701 | 0 | @a刘小弟@Aliu xiao di@4著 |
| 801 | 0 | @aCN@b上海新华@c20191020 |
| 905 | @b1206157-60@dO159@e114@f4 | |
| 犹豫模糊信息集结方法及其应用研究/刘小弟著.-北京:经济科学出版社,2019 |
| 158页:图;24cm |
| 国家自然科学基金(71601002) 教育部人文社科基金(16YJC6360077) 安徽省高校优秀青年人才支持计划重点项目(gxyqZD2018033) |
| ISBN 978-7-5218-0758-5:CNY52.00 |
| 本书内容简介:作为模糊集的一种拓展形式,犹豫模糊集允许一个元素属于一个集合的隶属度可以是[0,1]中几个不同的值。当决策者对元素的隶属度感到不确定,决策小组成员不能说服彼此,或者需要反映决策群体的多种决策信息时,犹豫模糊集是处理此类问题的一种非常有用的工具。目前,犹豫模糊集已经被广泛应用于决策、医疗诊断、聚类分析等领域。本文针对犹豫模糊环境下的信息建模、决策及应用进行研究。 |
| ● |
| 相关链接 |
|
|
|
|
正题名:犹豫模糊信息集结方法及其应用研究
索取号:O159/114
 
预约/预借
| 序号 | 登录号 | 条形码 | 馆藏地/架位号 | 状态 | 备注 |
| 1 | 1206157 | 212061579 | 第二样本阅览室/ [索取号:O159/114] | 在馆 | |
| 2 | 1206158 | 212061588 | 第三借阅区/ [索取号:O159/114] | 在馆 | |
| 3 | 1206159 | 212061597 | 第三借阅区/ [索取号:O159/114] | 在馆 | |
| 4 | 1206160 | 212061604 | 第三借阅区/ [索取号:O159/114] | 在馆 |